[Event "C18"]
[Site "?"]
[Date "2016.08.06"]
[Round "9.5"]
[White "Pilzak, Marcin"]
[Black "Szostko, Jakub"]
[Result "1-0"]
[LiveChessVersion "1.4.8"]
[BlackElo "2157"]
[WhiteElo "1928"]

1. e4 {[%clk 0:03:02]} c5 {[%clk 0:03:04]} 2. Nf3 e6 3. d4 {[%clk 0:03:04]} cxd4
{[%clk 0:03:06]} 4. Nxd4 {[%clk 0:03:05]} Nf6 {[%clk 0:03:08]} 5. Nc3
{[%clk 0:03:06]} d6 {[%clk 0:03:09]} 6. g4 {[%clk 0:03:04]} e5 {[%clk 0:03:10]}
7. Nf5 {[%clk 0:03:03]} h5 {[%clk 0:03:11]} 8. Bg5 {[%clk 0:02:45]} hxg4
{[%clk 0:03:12]} 9. Nd5 {[%clk 0:02:44]} Nbd7 {[%clk 0:03:05]} 10. Bb5
{[%clk 0:02:41]} Qa5+ {[%clk 0:03:02]} 11. Bd2 {[%clk 0:02:31]} Qd8
{[%clk 0:02:53]} 12. Bg5 {[%clk 0:02:19]} a6 {[%clk 0:02:25]} 13. Bxd7+
{[%clk 0:01:44]} Bxd7 {[%clk 0:02:22]} 14. Bxf6 {[%clk 0:01:36]} gxf6
{[%clk 0:02:21]} 15. Qxg4 {[%clk 0:01:35]} Be6 {[%clk 0:01:48]} 16. O-O-O
{[%clk 0:01:26]} Bxd5 {[%clk 0:01:30]} 17. Rxd5 {[%clk 0:01:22]} Qd7
{[%clk 0:01:31]} 18. h4 {[%clk 0:00:56]} O-O-O {[%clk 0:01:24]} 19. h5
{[%clk 0:00:45]} Kb8 20. h6 {[%clk 0:00:41]} Qa4 {[%clk 0:00:59]} 21. a3
{[%clk 0:00:31]} Rc8 {[%clk 0:00:51]} 22. c3 {[%clk 0:00:20]} Qb3
{[%clk 0:00:46]} 23. Rh3 {[%clk 0:00:17]} Qa2 {[%clk 0:00:34]} 24. h7
{[%clk 0:00:17]} Qa1+ {[%clk 0:00:30]} 25. Kc2 {[%clk 0:00:16]} Qe1
{[%clk 0:00:28]} 26. Rh2 {[%clk 0:00:10]} Rc4 {[%clk 0:00:18]} 27. f3
{[%clk 0:00:11]} Rc8 {[%clk 0:00:11]} 28. Rd1 {[%clk 0:00:11]} 1-0

[Event "C18"]
[Site "?"]
[Date "2016.08.06"]
[Round "10.1"]
[White "Piotrowski, Przemyslaw"]
[Black "Kucza, Karol"]
[Result "0-1"]
[LiveChessVersion "1.4.8"]
[BlackElo "2184"]
[WhiteElo "2131"]

1. Nf3 Nf6 2. g3 d5 3. Bg2 e6 4. b3 c5 5. Bb2 Nc6 6. O-O Be7 7. d4 O-O 8. c4 dxc4
9. bxc4 cxd4 10. Nxd4 Nxd4 11. Qxd4 Qc7 12. Nc3 Bd7 13. Rac1 Bc6 14. Nb5 Qb6 15.
a4 Bxg2 16. Kxg2 Rfd8 17. Qc3 a6 18. Nd4 Ne4 19. Qc2 Rxd4 20. c5 Qb4 21. Bxd4
Qxd4 22. e3 Qd5 23. f3 Nxc5 24. Rfd1 Qc6 25. a5 g6 26. e4 Rc8 27. Rd4 Nb3 28.
Qxc6 bxc6 29. Rd7 Nxc1 30. Rxe7 Nb3 31. Ra7 Nxa5 32. Rxa6 Nc4 33. Kf2 Ne5 34. f4
Nd7 35. Ke3 c5 36. Kd3 c4+ 37. Kc3 Nc5 0-1

[Event "C18"]
[Site "?"]
[Date "2016.08.06"]
[Round "10.2"]
[White "Niekras, Dawid"]
[Black "Michalski, Filip"]
[Result "1-0"]
[LiveChessVersion "1.4.8"]
[BlackElo "1916"]
[WhiteElo "2157"]

1. e4 {[%clk 0:03:03]} e6 {[%clk 0:03:03]} 2. d4 {[%clk 0:03:04]} d5
{[%clk 0:03:04]} 3. Nc3 {[%clk 0:03:05]} Nc6 {[%clk 0:03:05]} 4. Nf3
{[%clk 0:02:47]} Nf6 {[%clk 0:03:06]} 5. Bg5 {[%clk 0:02:16]} Be7
{[%clk 0:02:41]} 6. Bxf6 {[%clk 0:01:47]} Bxf6 {[%clk 0:02:38]} 7. e5
{[%clk 0:01:48]} Be7 {[%clk 0:02:38]} 8. a3 {[%clk 0:01:30]} f6 {[%clk 0:02:32]}
9. Bb5 {[%clk 0:01:15]} O-O {[%clk 0:02:31]} 10. Bxc6 {[%clk 0:01:16]} bxc6
{[%clk 0:02:32]} 11. O-O {[%clk 0:01:14]} fxe5 {[%clk 0:02:32]} 12. Nxe5
{[%clk 0:01:14]} Bd7 {[%clk 0:02:16]} 13. Na4 {[%clk 0:01:06]} Rb8
{[%clk 0:01:56]} 14. b4 {[%clk 0:01:07]} Rf6 {[%clk 0:00:36]} 15. Nc5
{[%clk 0:01:02]} Be8 {[%clk 0:00:36]} 16. Qe2 {[%clk 0:00:54]} a5
{[%clk 0:00:34]} 17. c3 {[%clk 0:00:54]} Bd6 {[%clk 0:00:31]} 18. Rae1
{[%clk 0:00:38]} Bxe5 {[%clk 0:00:11]} 19. Qxe5 {[%clk 0:00:38]} Bf7
{[%clk 0:00:10]} 20. Qe3 {[%clk 0:00:19]} axb4 {[%clk 0:00:11]} 21. axb4
{[%clk 0:00:20]} Qd6 {[%clk 0:00:11]} 22. Qd2 {[%clk 0:00:19]} Re8
{[%clk 0:00:10]} 23. Re5 {[%clk 0:00:20]} Qd8 {[%clk 0:00:05]} 24. Rfe1
{[%clk 0:00:21]} Qd6 {[%clk 0:00:07]} 25. f3 {[%clk 0:00:21]} h6 {[%clk 0:00:07]}
26. Qf2 {[%clk 0:00:14]} Bg6 {[%clk 0:00:08]} 27. R1e3 {[%clk 0:00:13]} Bf5
{[%clk 0:00:09]} 28. h3 {[%clk 0:00:14]} h5 {[%clk 0:00:04]} 29. Qh4
{[%clk 0:00:14]} Kf7 {[%clk 0:00:04]} 30. Qxh5+ {[%clk 0:00:14]} Bg6
{[%clk 0:00:05]} 31. Qg5 {[%clk 0:00:13]} Rh8 {[%clk 0:00:04]} 32. Rxe6
{[%clk 0:00:12]} Qd8 {[%clk 0:00:04]} 33. Re7+ {[%clk 0:00:08]} Kg8
{[%clk 0:00:03]} 34. Rd7 {[%clk 0:00:08]} Qf8 {[%clk 0:00:04]} 35. Ree7
{[%clk 0:00:08]} Rh5 {[%clk 0:00:05]} 36. Rxg7+ {[%clk 0:00:09]} Qxg7
{[%clk 0:00:06]} 37. Rxg7+ {[%clk 0:00:09]} Kxg7 {[%clk 0:00:07]} 38. Qg3
{[%clk 0:00:10]} Rh8 {[%clk 0:00:05]} 39. Qxc7+ {[%clk 0:00:11]} Rf7
{[%clk 0:00:07]} 40. Qxc6 {[%clk 0:00:11]} Rhf8 {[%clk 0:00:06]} 41. Ne6+
{[%clk 0:00:12]} Kh7 {[%clk 0:00:06]} 42. Nxf8+ {[%clk 0:00:13]} Rxf8
{[%clk 0:00:07]} 43. Qxd5 {[%clk 0:00:14]} Rf6 {[%clk 0:00:06]} 44. b5
{[%clk 0:00:13]} Bd3 {[%clk 0:00:07]} 45. Qd7+ {[%clk 0:00:12]} Kg6
{[%clk 0:00:08]} 46. d5 {[%clk 0:00:08]} Bc4 {[%clk 0:00:08]} 47. Qg4+ 1-0

[Event "C18"]
[Site "?"]
[Date "2016.08.06"]
[Round "10.3"]
[White "Karwowski, Kacper"]
[Black "Smieszek, Wojciech"]
[Result "0-1"]
[LiveChessVersion "1.4.8"]
[BlackElo "2042"]
[WhiteElo "2002"]

1. f4 {[%clk 0:03:03]} Nf6 {[%clk 0:03:03]} 2. Nf3 {[%clk 0:03:04]} g6
{[%clk 0:03:04]} 3. b3 {[%clk 0:03:05]} Bg7 {[%clk 0:03:05]} 4. Bb2
{[%clk 0:03:07]} O-O {[%clk 0:03:06]} 5. e3 {[%clk 0:03:08]} d5 {[%clk 0:03:07]}
6. Be2 {[%clk 0:03:09]} c5 {[%clk 0:03:07]} 7. O-O {[%clk 0:03:10]} Nc6
{[%clk 0:03:08]} 8. h3 {[%clk 0:03:10]} d4 {[%clk 0:02:38]} 9. c4
{[%clk 0:02:58]} d3 {[%clk 0:02:28]} 10. Bxd3 {[%clk 0:02:48]} Qxd3
{[%clk 0:02:29]} 11. Nc3 {[%clk 0:02:44]} Ne4 {[%clk 0:02:11]} 12. Nxe4
{[%clk 0:02:23]} Qxe4 {[%clk 0:02:04]} 13. Bxg7 {[%clk 0:02:20]} Kxg7
{[%clk 0:02:05]} 14. Qc1 {[%clk 0:02:21]} f6 {[%clk 0:01:51]} 15. Kf2
{[%clk 0:02:16]} Nb4 {[%clk 0:01:43]} 16. Qc3 {[%clk 0:02:10]} Qd3
{[%clk 0:01:26]} 17. Qb2 {[%clk 0:02:08]} Qc2 {[%clk 0:01:17]} 18. Qxc2
{[%clk 0:02:01]} Nxc2 {[%clk 0:01:18]} 19. Rac1 {[%clk 0:01:55]} Nb4
{[%clk 0:01:16]} 20. Ke2 {[%clk 0:01:53]} Bf5 {[%clk 0:01:15]} 21. Rfd1
{[%clk 0:01:52]} Bd3+ {[%clk 0:01:14]} 22. Kf2 {[%clk 0:01:53]} Nxa2
{[%clk 0:01:04]} 23. Ra1 {[%clk 0:01:54]} Nb4 {[%clk 0:01:05]} 24. Ra4
{[%clk 0:01:53]} Bc2 25. Rc1 Bxb3 {[%clk 0:01:01]} 26. Ra3 {[%clk 0:01:56]} Nd3+
{[%clk 0:01:00]} 0-1

[Event "C18"]
[Site "?"]
[Date "2016.08.06"]
[Round "10.4"]
[White "Molenda, Marcin"]
[Black "Adamczewski, Maciej"]
[Result "1-0"]
[LiveChessVersion "1.4.8"]
[BlackElo "1938"]
[WhiteElo "2187"]

1. d4 {[%clk 0:03:03]} Nf6 {[%clk 0:03:04]} 2. Nf3 {[%clk 0:03:03]} g6
{[%clk 0:03:03]} 3. c4 {[%clk 0:03:04]} Bg7 4. g3 O-O {[%clk 0:03:04]} 5. Bg2
{[%clk 0:03:05]} d6 {[%clk 0:03:05]} 6. O-O {[%clk 0:03:06]} a5 {[%clk 0:02:53]}
7. Nc3 {[%clk 0:03:06]} Nbd7 {[%clk 0:02:52]} 8. h3 {[%clk 0:03:06]} e5
{[%clk 0:02:53]} 9. e4 {[%clk 0:03:07]} Re8 {[%clk 0:02:48]} 10. Re1
{[%clk 0:03:08]} c6 {[%clk 0:02:44]} 11. Be3 {[%clk 0:03:01]} Qc7
{[%clk 0:02:44]} 12. Qc2 {[%clk 0:03:01]} exd4 {[%clk 0:02:28]} 13. Nxd4
{[%clk 0:03:02]} Ne5 {[%clk 0:02:28]} 14. b3 {[%clk 0:03:00]} Nfd7
{[%clk 0:02:23]} 15. f4 {[%clk 0:03:00]} Nc5 {[%clk 0:01:55]} 16. fxe5 Bxe5 17.
Bf2 {[%clk 0:03:00]} Qe7 {[%clk 0:01:48]} 18. Nf3 {[%clk 0:02:56]} Bg7
{[%clk 0:01:48]} 19. Rad1 {[%clk 0:02:52]} Qf6 {[%clk 0:01:41]} 20. e5
{[%clk 0:02:50]} 1-0

[Event "C18"]
[Site "?"]
[Date "2016.08.06"]
[Round "10.5"]
[White "Szostko, Jakub"]
[Black "Kaminski, Maciej"]
[Result "1-0"]
[LiveChessVersion "1.4.8"]
[BlackElo "1752"]
[WhiteElo "2157"]

1. e4 {[%clk 0:03:03]} e6 {[%clk 0:03:04]} 2. d4 {[%clk 0:03:05]} d5
{[%clk 0:03:05]} 3. Nc3 {[%clk 0:03:05]} Nf6 {[%clk 0:03:06]} 4. e5
{[%clk 0:03:06]} Nfd7 {[%clk 0:03:07]} 5. f4 {[%clk 0:03:08]} c5 {[%clk 0:03:08]}
6. Nf3 Nc6 7. Be3 {[%clk 0:03:10]} b6 {[%clk 0:03:11]} 8. Qd2 {[%clk 0:03:08]}
Be7 {[%clk 0:03:12]} 9. Nd1 {[%clk 0:03:02]} cxd4 {[%clk 0:03:10]} 10. Nxd4
{[%clk 0:03:03]} Nxd4 11. Bxd4 {[%clk 0:03:04]} O-O {[%clk 0:03:03]} 12. Be2
{[%clk 0:03:02]} Nb8 {[%clk 0:03:01]} 13. c3 {[%clk 0:03:00]} Ba6
{[%clk 0:02:57]} 14. O-O {[%clk 0:02:54]} Bxe2 {[%clk 0:02:57]} 15. Qxe2
{[%clk 0:02:56]} Nc6 {[%clk 0:02:58]} 16. Bf2 {[%clk 0:02:38]} Qc7
{[%clk 0:02:44]} 17. Ne3 {[%clk 0:02:32]} d4 {[%clk 0:02:22]} 18. cxd4
{[%clk 0:01:57]} Nxd4 {[%clk 0:02:23]} 19. Qc4 {[%clk 0:01:58]} Qxc4
{[%clk 0:02:05]} 20. Nxc4 {[%clk 0:01:59]} Ne2+ {[%clk 0:02:00]} 21. Kh1
{[%clk 0:02:00]} Nxf4 {[%clk 0:01:58]} 22. Bxb6 {[%clk 0:02:00]} Nd5
{[%clk 0:01:34]} 23. Bg1 {[%clk 0:01:46]} a6 {[%clk 0:01:33]} 24. Rac1
{[%clk 0:01:39]} Rab8 {[%clk 0:01:32]} 25. b3 {[%clk 0:01:40]} h6
{[%clk 0:01:18]} 26. Rfd1 {[%clk 0:01:39]} Rfd8 {[%clk 0:01:14]} 27. Na5
{[%clk 0:01:36]} Ba3 {[%clk 0:00:35]} 28. Rc4 {[%clk 0:01:24]} Nb4
{[%clk 0:00:23]} 29. Rf1 {[%clk 0:01:15]} Rbc8 {[%clk 0:00:20]} 30. Rxc8
{[%clk 0:01:12]} Rxc8 31. Nc4 Nc2 {[%clk 0:00:12]} 32. Rf2 {[%clk 0:01:13]} Rxc4
{[%clk 0:00:08]} 33. bxc4 {[%clk 0:01:14]} Ne3 {[%clk 0:00:07]} 34. Rf3
{[%clk 0:01:14]} Nxc4 {[%clk 0:00:08]} 35. Rc3 {[%clk 0:01:14]} Nxe5
{[%clk 0:00:07]} 36. Rxa3 {[%clk 0:01:15]} f5 {[%clk 0:00:07]} 37. Rxa6
{[%clk 0:01:16]} Kf7 {[%clk 0:00:08]} 38. Bd4 {[%clk 0:01:16]} Nc4
{[%clk 0:00:07]} 39. Ra7+ {[%clk 0:01:17]} Kg6 {[%clk 0:00:08]} 40. Rxg7+
{[%clk 0:01:16]} Kh5 {[%clk 0:00:09]} 41. Re7 {[%clk 0:01:16]} e5
{[%clk 0:00:09]} 42. Bxe5 {[%clk 0:01:17]} 1-0

[Event "C18"]
[Site "?"]
[Date "2016.08.07"]
[Round "11.1"]
[White "Piotrowski, Przemyslaw"]
[Black "Molenda, Marcin"]
[Result "1/2-1/2"]
[LiveChessVersion "1.4.8"]
[BlackElo "2187"]
[WhiteElo "2131"]

1. Nf3 d5 2. g3 Nf6 3. Bg2 c5 4. O-O g6 5. d4 Bg7 6. c4 cxd4 7. Nxd4 O-O 8. cxd5
Nxd5 9. e4 Nb6 10. Nb5 Nc6 11. Qe2 Be6 12. N1a3 a6 13. Rd1 Qc8 14. Be3 axb5 15.
Bxb6 b4 16. Nc4 Nd4 17. Bxd4 Qxc4 18. Qxc4 Bxc4 19. Bxg7 Kxg7 20. b3 Be6 21. e5
Ra7 22. Bd5 Bf5 23. f3 Rfa8 24. g4 Bc2 25. Rd2 Rxa2 26. Rxa2 Rxa2 27. Bc4 b5 28.
Bd5 e6 29. Bc6 Bxb3 30. Rxa2 Bxa2 31. Bxb5 b3 32. Bc4 f6 33. f4 g5 34. fxg5 fxg5
35. Bxe6 Kf8 36. Bc4 Ke7 37. Kf2 h6 38. Ke3 Kd7 39. Kd4 Ke7 40. Kc3 Kd7 41. Bd5
Ke7 42. Kb2 Kd7 43. Kc3 1/2-1/2

[Event "C18"]
[Site "?"]
[Date "2016.08.07"]
[Round "11.2"]
[White "Nowak, Kamil"]
[Black "Niekras, Dawid"]
[Result "0-1"]
[LiveChessVersion "1.4.8"]
[BlackElo "2157"]
[WhiteElo "1821"]

1. d4 {[%clk 0:03:03]} Nf6 {[%clk 0:03:03]} 2. Nf3 {[%clk 0:03:04]} g6
{[%clk 0:03:04]} 3. Bf4 {[%clk 0:03:05]} Bg7 {[%clk 0:03:05]} 4. e3
{[%clk 0:03:06]} O-O {[%clk 0:03:05]} 5. Be2 {[%clk 0:03:07]} d6 {[%clk 0:03:06]}
6. h3 {[%clk 0:03:07]} c5 {[%clk 0:03:07]} 7. c3 {[%clk 0:03:09]} Nc6
{[%clk 0:03:01]} 8. Nbd2 {[%clk 0:03:08]} cxd4 {[%clk 0:03:02]} 9. exd4
{[%clk 0:02:58]} e5 {[%clk 0:03:03]} 10. dxe5 {[%clk 0:02:58]} dxe5
{[%clk 0:03:03]} 11. Be3 {[%clk 0:02:48]} e4 {[%clk 0:02:11]} 12. Nd4
{[%clk 0:02:48]} Nd5 {[%clk 0:02:12]} 13. Nxc6 {[%clk 0:02:36]} bxc6
{[%clk 0:02:07]} 14. Bc5 {[%clk 0:02:07]} e3 {[%clk 0:01:47]} 15. Nf3
{[%clk 0:01:46]} exf2+ {[%clk 0:00:47]} 16. Kxf2 {[%clk 0:01:36]} Re8
{[%clk 0:00:41]} 17. Re1 {[%clk 0:01:36]} Rb8 {[%clk 0:00:24]} 18. Qd2
{[%clk 0:01:24]} Nf6 {[%clk 0:00:21]} 19. Bd3 {[%clk 0:01:06]} Be6
{[%clk 0:00:11]} 20. Kg1 {[%clk 0:00:49]} Bd5 {[%clk 0:00:12]} 21. Rxe8+
{[%clk 0:00:43]} Qxe8 {[%clk 0:00:13]} 22. Re1 {[%clk 0:00:44]} Qd7
{[%clk 0:00:13]} 23. Ne5 {[%clk 0:00:41]} Qc7 {[%clk 0:00:13]} 24. c4
{[%clk 0:00:26]} Be6 {[%clk 0:00:14]} 25. Qf2 {[%clk 0:00:20]} Nd7
{[%clk 0:00:14]} 26. Nxd7 {[%clk 0:00:17]} Qxd7 {[%clk 0:00:16]} 27. Rd1
{[%clk 0:00:06]} Rxb2 {[%clk 0:00:16]} 28. Qe3 {[%clk 0:00:05]} Qb7
{[%clk 0:00:13]} 29. Bxa7 {[%clk 0:00:03]} Rxa2 {[%clk 0:00:14]} 30. Bd4
{[%clk 0:00:04]} Bxd4 {[%clk 0:00:13]} 31. Qxd4 {[%clk 0:00:06]} Qb2
{[%clk 0:00:12]} 32. Bf1 {[%clk 0:00:06]} Qxd4+ {[%clk 0:00:12]} 33. Rxd4
{[%clk 0:00:07]} c5 {[%clk 0:00:11]} 34. Rd8+ {[%clk 0:00:08]} Kg7
{[%clk 0:00:13]} 35. Rd6 {[%clk 0:00:09]} Rc2 {[%clk 0:00:11]} 36. Rc6
{[%clk 0:00:10]} Bxc4 {[%clk 0:00:12]} 37. Bxc4 {[%clk 0:00:10]} Rxc4
{[%clk 0:00:13]} 38. Kf2 {[%clk 0:00:12]} Rc2+ {[%clk 0:00:14]} 39. Kg3
{[%clk 0:00:13]} h5 {[%clk 0:00:15]} 40. h4 {[%clk 0:00:14]} Rc3+
{[%clk 0:00:15]} 41. Kh2 {[%clk 0:00:15]} c4 {[%clk 0:00:16]} 42. Kg1
{[%clk 0:00:13]} Rc2 {[%clk 0:00:16]} 43. Kh2 {[%clk 0:00:14]} c3
{[%clk 0:00:18]} 44. Kg3 {[%clk 0:00:16]} f6 {[%clk 0:00:14]} 45. Kh3
{[%clk 0:00:17]} g5 {[%clk 0:00:13]} 46. Kg3 {[%clk 0:00:18]} Kg6
{[%clk 0:00:14]} 47. Kh3 {[%clk 0:00:19]} Kf5 {[%clk 0:00:13]} 48. Kg3
{[%clk 0:00:19]} gxh4+ {[%clk 0:00:13]} 49. Kxh4 {[%clk 0:00:20]} Rxg2
{[%clk 0:00:13]} 50. Rxc3 {[%clk 0:00:20]} Rh2+ {[%clk 0:00:11]} 51. Kg3
{[%clk 0:00:21]} Ra2 {[%clk 0:00:11]} 52. Rc5+ {[%clk 0:00:22]} Kg6
{[%clk 0:00:12]} 53. Kh4 {[%clk 0:00:23]} Ra4+ {[%clk 0:00:14]} 54. Kg3
{[%clk 0:00:24]} Rb4 {[%clk 0:00:14]} 55. Ra5 {[%clk 0:00:25]} Rc4
{[%clk 0:00:15]} 56. Rb5 {[%clk 0:00:26]} f5 {[%clk 0:00:17]} 57. Ra5
{[%clk 0:00:26]} Kg5 {[%clk 0:00:18]} 58. Ra8 {[%clk 0:00:26]} Rc3+
{[%clk 0:00:19]} 59. Kg2 {[%clk 0:00:28]} Kg4 {[%clk 0:00:10]} 60. Rg8+
{[%clk 0:00:28]} Kf4 {[%clk 0:00:11]} 61. Rh8 {[%clk 0:00:29]} Rc2+
{[%clk 0:00:12]} 62. Kf1 {[%clk 0:00:28]} Kg3 {[%clk 0:00:10]} 63. Rxh5
{[%clk 0:00:22]} f4 {[%clk 0:00:12]} 64. Rg5+ {[%clk 0:00:20]} Kf3
{[%clk 0:00:12]} 65. Kg1 {[%clk 0:00:20]} Rc1+ {[%clk 0:00:13]} 66. Kh2
{[%clk 0:00:21]} Kf2 {[%clk 0:00:15]} 67. Ra5 {[%clk 0:00:14]} Re1
{[%clk 0:00:12]} 68. Rf5 {[%clk 0:00:08]} f3 {[%clk 0:00:13]} 69. Ra5
{[%clk 0:00:05]} Kf1 {[%clk 0:00:08]} 70. Kg3 {[%clk 0:00:04]} f2
{[%clk 0:00:07]} 71. Rf5 {[%clk 0:00:04]} Re3+ {[%clk 0:00:07]} 72. Kh2
{[%clk 0:00:04]} Re8 {[%clk 0:00:05]} 73. Kg3 {[%clk 0:00:04]} Rg8+
{[%clk 0:00:06]} 74. Kf3 {[%clk 0:00:05]} Kg1 {[%clk 0:00:06]} 0-1

[Event "C18"]
[Site "?"]
[Date "2016.08.07"]
[Round "11.3"]
[White "Karwowski, Kacper"]
[Black "Kucza, Karol"]
[Result "0-1"]
[LiveChessVersion "1.4.8"]
[BlackElo "2184"]
[WhiteElo "2002"]

1. Nf3 {[%clk 0:03:02]} Nf6 {[%clk 0:03:04]} 2. d4 {[%clk 0:03:03]} d5
{[%clk 0:03:05]} 3. Bg5 {[%clk 0:03:01]} Ne4 {[%clk 0:02:57]} 4. Bf4
{[%clk 0:02:52]} e6 {[%clk 0:02:50]} 5. e3 {[%clk 0:02:51]} c5 {[%clk 0:02:49]}
6. c3 {[%clk 0:02:52]} Qb6 {[%clk 0:02:42]} 7. Qc1 {[%clk 0:02:49]} Nc6
{[%clk 0:02:34]} 8. Bd3 {[%clk 0:02:48]} Bd7 {[%clk 0:02:22]} 9. Bxe4
{[%clk 0:02:48]} dxe4 {[%clk 0:02:23]} 10. Nfd2 {[%clk 0:02:49]} f5
{[%clk 0:02:23]} 11. Na3 {[%clk 0:02:37]} cxd4 {[%clk 0:02:08]} 12. Ndc4
{[%clk 0:02:37]} Qa6 {[%clk 0:01:59]} 13. exd4 {[%clk 0:02:36]} Bxa3
{[%clk 0:01:51]} 14. Nxa3 {[%clk 0:02:33]} O-O {[%clk 0:01:51]} 15. Qe3
{[%clk 0:02:22]} Ne7 {[%clk 0:01:43]} 16. Qe2 {[%clk 0:02:11]} Qxe2+
{[%clk 0:01:36]} 17. Kxe2 {[%clk 0:02:12]} Nd5 {[%clk 0:01:37]} 18. g3
{[%clk 0:02:11]} Nxf4+ {[%clk 0:01:31]} 19. gxf4 {[%clk 0:02:13]} Rac8
{[%clk 0:01:32]} 20. Rhg1 {[%clk 0:02:09]} Rf6 {[%clk 0:01:31]} 21. Rad1
{[%clk 0:02:05]} Rh6 {[%clk 0:01:30]} 22. Rg2 {[%clk 0:02:06]} Rh4
{[%clk 0:01:31]} 23. Ke3 {[%clk 0:02:06]} Rh3+ {[%clk 0:01:32]} 24. Ke2
{[%clk 0:02:02]} Bc6 {[%clk 0:01:31]} 25. c4 {[%clk 0:01:47]} Rd8
{[%clk 0:01:21]} 26. Nc2 {[%clk 0:01:41]} Rf3 {[%clk 0:00:57]} 27. Rg3
{[%clk 0:01:14]} Rxf4 {[%clk 0:00:56]} 28. Ra3 {[%clk 0:01:11]} Rh4
{[%clk 0:00:49]} 29. h3 {[%clk 0:01:12]} h5 {[%clk 0:00:37]} 30. Nb4
{[%clk 0:01:08]} e3 {[%clk 0:00:20]} 31. Nxc6 bxc6 32. fxe3 {[%clk 0:00:52]} Rxh3
{[%clk 0:00:23]} 33. Rxa7 {[%clk 0:00:53]} Rh2+ {[%clk 0:00:24]} 34. Kf3
{[%clk 0:00:53]} Rf8 {[%clk 0:00:18]} 35. Re7 {[%clk 0:00:47]} Rf6
{[%clk 0:00:17]} 36. Rg1 {[%clk 0:00:47]} g6 {[%clk 0:00:18]} 37. Rg2
{[%clk 0:00:45]} Rh1 {[%clk 0:00:10]} 38. b4 {[%clk 0:00:44]} Rb1
{[%clk 0:00:11]} 39. Rb7 {[%clk 0:00:44]} h4 {[%clk 0:00:10]} 40. Kf4
{[%clk 0:00:42]} h3 {[%clk 0:00:09]} 41. Rh2 {[%clk 0:00:43]} Rg1
{[%clk 0:00:07]} 42. Rxh3 {[%clk 0:00:40]} g5+ {[%clk 0:00:08]} 43. Ke5
{[%clk 0:00:42]} Rg6 {[%clk 0:00:06]} 44. Rhh7 {[%clk 0:00:38]} Rg3
{[%clk 0:00:05]} 45. e4 {[%clk 0:00:33]} Re3 {[%clk 0:00:06]} 46. Rhe7
{[%clk 0:00:29]} Rxe4+ 47. Kd6 e5+ {[%clk 0:00:08]} 48. Kc5 {[%clk 0:00:32]} Kh8
{[%clk 0:00:07]} 49. dxe5 {[%clk 0:00:29]} g4 {[%clk 0:00:09]} 50. e6
{[%clk 0:00:27]} g3 {[%clk 0:00:10]} 51. Re8+ {[%clk 0:00:28]} Rg8
{[%clk 0:00:12]} 52. Rbb8 {[%clk 0:00:29]} Rxe8 {[%clk 0:00:12]} 53. Rxe8+
{[%clk 0:00:30]} Kg7 {[%clk 0:00:14]} 54. Rd8 {[%clk 0:00:30]} Rxe6
{[%clk 0:00:14]} 55. Rd1 {[%clk 0:00:28]} f4 {[%clk 0:00:15]} 56. Rg1
{[%clk 0:00:27]} Rg6 {[%clk 0:00:16]} 57. a4 {[%clk 0:00:27]} f3 {[%clk 0:00:18]}
58. a5 {[%clk 0:00:29]} f2 {[%clk 0:00:19]} 59. Rd1 {[%clk 0:00:30]} g2
{[%clk 0:00:16]} 60. a6 {[%clk 0:00:31]} g1=Q {[%clk 0:00:14]} 61. Rd7+
{[%clk 0:00:32]} Kh6 {[%clk 0:00:15]} 62. Kb6 {[%clk 0:00:33]} f1=Q+
{[%clk 0:00:15]} 63. c5 {[%clk 0:00:35]} Qb5+ {[%clk 0:00:12]} 64. Ka7
{[%clk 0:00:36]} Rg7 {[%clk 0:00:11]} 65. Rxg7 {[%clk 0:00:31]} Kxg7
{[%clk 0:00:12]} 66. Ka8 {[%clk 0:00:32]} Qxa6+ {[%clk 0:00:13]} 67. Kb8
{[%clk 0:00:34]} Qg3# {[%clk 0:00:14]} 0-1

[Event "C18"]
[Site "?"]
[Date "2016.08.07"]
[Round "11.4"]
[White "Buraczewski, Rafal"]
[Black "Smieszek, Wojciech"]
[Result "0-1"]
[LiveChessVersion "1.4.8"]
[BlackElo "2042"]
[WhiteElo "1858"]

1. Nf3 {[%clk 0:03:03]} Nf6 {[%clk 0:03:02]} 2. d4 {[%clk 0:03:04]} g6
{[%clk 0:03:02]} 3. c4 {[%clk 0:03:05]} c5 {[%clk 0:03:02]} 4. d5
{[%clk 0:03:04]} e6 {[%clk 0:02:33]} 5. Nc3 {[%clk 0:03:04]} exd5
{[%clk 0:02:29]} 6. Nxd5 {[%clk 0:02:55]} Bg7 {[%clk 0:02:02]} 7. Nxf6+
{[%clk 0:01:53]} Qxf6 {[%clk 0:01:53]} 8. Qd5 {[%clk 0:01:41]} O-O
{[%clk 0:01:40]} 9. Qxc5 {[%clk 0:01:33]} d6 {[%clk 0:01:38]} 10. Qb4
{[%clk 0:01:26]} Nc6 {[%clk 0:01:39]} 11. Qb3 {[%clk 0:01:27]} Bg4
{[%clk 0:01:30]} 12. Bd2 {[%clk 0:01:05]} Bxf3 {[%clk 0:00:53]} 13. gxf3
{[%clk 0:01:03]} Rfe8 {[%clk 0:00:49]} 14. e4 {[%clk 0:00:04]} Nd4
{[%clk 0:00:47]} 15. Qe3 {[%clk 0:00:03]} Nxf3+ {[%clk 0:00:45]} 16. Ke2
{[%clk 0:00:04]} Nxd2 {[%clk 0:00:39]} 17. Qxd2 {[%clk 0:00:03]} Rxe4+ 18. Kd1
Rd4 {[%clk 0:00:39]} 19. Bd3 {[%clk 0:00:06]} d5 {[%clk 0:00:13]} 20. cxd5
{[%clk 0:00:05]} Qf3+ {[%clk 0:00:12]} 21. Kc2 {[%clk 0:00:04]} Rc8+
{[%clk 0:00:12]} 0-1

[Event "C18"]
[Site "?"]
[Date "2016.08.07"]
[Round "11.5"]
[White "Szostko, Jakub"]
[Black "Michalski, Filip"]
[Result "1-0"]
[LiveChessVersion "1.4.8"]
[BlackElo "1916"]
[WhiteElo "2157"]

1. e4 {[%clk 0:03:03]} e6 {[%clk 0:03:04]} 2. d4 {[%clk 0:03:05]} d5
{[%clk 0:03:05]} 3. Nc3 {[%clk 0:03:06]} Nc6 {[%clk 0:03:06]} 4. Nf3
{[%clk 0:03:05]} Nf6 {[%clk 0:03:08]} 5. Bd3 {[%clk 0:03:05]} Nb4
{[%clk 0:03:08]} 6. Bg5 {[%clk 0:03:03]} Nxd3+ {[%clk 0:03:03]} 7. cxd3
{[%clk 0:03:04]} Be7 {[%clk 0:03:00]} 8. e5 {[%clk 0:03:02]} Nd7 {[%clk 0:02:59]}
9. Bxe7 {[%clk 0:03:03]} Qxe7 {[%clk 0:03:00]} 10. O-O {[%clk 0:03:03]} O-O
{[%clk 0:02:58]} 11. Rc1 {[%clk 0:03:04]} a6 {[%clk 0:02:09]} 12. Re1
{[%clk 0:03:01]} b5 {[%clk 0:01:45]} 13. Ne2 {[%clk 0:02:35]} c5 {[%clk 0:01:38]}
14. dxc5 {[%clk 0:02:32]} Nxc5 {[%clk 0:01:39]} 15. Qd2 {[%clk 0:02:18]} Bb7
{[%clk 0:01:22]} 16. Qb4 {[%clk 0:02:10]} Rfc8 {[%clk 0:01:13]} 17. d4
{[%clk 0:01:47]} a5 {[%clk 0:01:14]} 18. Qxb5 {[%clk 0:01:43]} Ba6
{[%clk 0:01:12]} 19. Qb6 {[%clk 0:01:22]} Bxe2 {[%clk 0:00:18]} 20. Rxe2
{[%clk 0:00:59]} Na4 {[%clk 0:00:09]} 21. Rxc8+ Rxc8 22. Qxa5 {[%clk 0:01:00]}
Nxb2 {[%clk 0:00:12]} 23. Rxb2 {[%clk 0:00:58]} Rc1+ {[%clk 0:00:11]} 24. Ne1
{[%clk 0:00:59]} h5 {[%clk 0:00:11]} 25. Qd2 {[%clk 0:00:58]} Rc4
{[%clk 0:00:11]} 26. Rc2 {[%clk 0:00:58]} Ra4 {[%clk 0:00:12]} 27. Rc8+
{[%clk 0:00:59]} Kh7 {[%clk 0:00:13]} 28. Qc2+ {[%clk 0:01:01]} 1-0

[Event "C18"]
[Site "?"]
[Date "2016.08.07"]
[Round "12.1"]
[White "Molenda, Marcin"]
[Black "Piotrowski, Przemyslaw"]
[Result "1/2-1/2"]
[LiveChessVersion "1.4.8"]
[BlackElo "2131"]
[WhiteElo "2187"]

1. d4 c6 2. c4 g6 3. Nf3 Bg7 4. g3 d5 5. Qc2 Nf6 6. Bg2 Bf5 7. Qb3 Qb6 8. c5 Qxb3
9. axb3 Na6 10. Bd2 Ne4 11. Ba5 e5 12. e3 exd4 13. exd4 O-O 14. O-O Rfe8 15. Nc3
Bg4 16. Nxe4 dxe4 17. Ne5 Bxe5 18. dxe5 Rxe5 19. b4 Rae8 20. h3 Bf3 21. Rfe1 Bxg2
22. Kxg2 e3 23. f4 Re4 24. Re2 Rd4 25. Kf3 Rd3 26. Rae1 b6 27. cxb6 axb6 28. Bxb6
Nxb4 29. Rxe3 Rexe3+ 30. Rxe3 Rxe3+ 31. Bxe3 f5 32. Bd4 Kf7 33. Bc3 Na6 34. Ke3
Ke6 35. Kd4 Kd6 36. Kc4 c5 37. Be5+ Kc6 38. Bg7 Nc7 39. Bf8 h5 40. h4 Ne6 41. Be7
Nd4 42. Bxc5 Ne2 43. Bf2 Kd7 44. b4 Nc1 45. b5 Kc7 46. b6+ Kc6 47. Kd4 Kxb6 48.
Ke5+ Kc6 49. Kf6 Kd5 50. Kxg6 Ke4 51. Kxh5 Kf3 52. Be1 Nd3 53. Bd2 Kxg3 54. Kg5
Nc5 55. Kxf5 Kxh4 56. Ke5 Nd3+ 1/2-1/2